| 000 | 00812nam a2200205 4500 | ||
|---|---|---|---|
| 999 |
_c4290 _d4290 |
||
| 008 | 150901b xxu||||| |||| 00| 0 eng d | ||
| 020 | _a9780955258756 | ||
| 050 | _aRA771 .V35 2007 | ||
| 100 | _aValadez, Joseph J . | ||
| 245 |
_aAssessing community health programs : a trainer's guide : _busing LQAS for baseline surveys and regular monitoring/ _cJoseph J Valadez ... [et al.]. |
||
| 250 | _a2nd ed. | ||
| 260 |
_aUnited Kingdom: _bTALC, _c2007. |
||
| 300 |
_axvi, 115 [37] p.: _bill.; _c30 cm. |
||
| 650 | _aCommunity health services -- Developing countries -- Evaluation. | ||
| 650 | _aCommunity health services -- Evaluation. | ||
| 700 | _a William, Weiss. | ||
| 700 | _a Corey, Leburg. | ||
| 700 | _aRobb, Davis. | ||
| 942 |
_2lcc _cSH_L_BOOKS _hRA771 .V35 2007 |
||